Fundamentals of Dairy Chemistry/ (Record no. 14593)
[ view plain ]
| 000 -LEADER | |
|---|---|
| fixed length control field | 01018cam a2200277 4500 |
| 001 - CONTROL NUMBER | |
| control field | 3615690 |
| 005 - DATE AND TIME OF LATEST TRANSACTION | |
| control field | 19880127000000.0 |
| 008 - FIXED-LENGTH DATA ELEMENTS--GENERAL INFORMATION | |
| fixed length control field | 740725s1974 ctua b 001 0 eng |
| 010 ## - LIBRARY OF CONGRESS CONTROL NUMBER | |
| LC control number | 73085050 |
| 020 ## - INTERNATIONAL STANDARD BOOK NUMBER | |
| International Standard Book Number | 0870551434 |
| 040 ## - CATALOGING SOURCE | |
| Original cataloging agency | DLC |
| Transcribing agency | DLC |
| Modifying agency | DLC |
| 050 00 - LIBRARY OF CONGRESS CALL NUMBER | |
| Classification number | SF253 |
| Item number | .W34 1974 |
| 082 00 - DEWEY DECIMAL CLASSIFICATION NUMBER | |
| Classification number | 637 |
| Item number | FUN |
| 245 10 - TITLE STATEMENT | |
| Title | Fundamentals of Dairy Chemistry/ |
| Statement of responsibility, etc | edited by Byron H. Webb, Arnold H. Johnson [and] John A. Alford. |
| 250 ## - EDITION STATEMENT | |
| Edition statement | 2nd ed. |
| 260 ## - PUBLICATION, DISTRIBUTION, ETC. (IMPRINT) | |
| Place of publication, distribution, etc | New Delhi: |
| Name of publisher, distributor, etc | CBS Publishers, |
| Date of publication, distribution, etc | 1974. |
| 300 ## - PHYSICAL DESCRIPTION | |
| Extent | ix, 929 p.: |
| Other physical details | ill; |
| Dimensions | 24 cm. |
| 504 ## - BIBLIOGRAPHY, ETC. NOTE | |
| Bibliography, etc | Includes bibliographical refernces and index |
| 650 #0 - SUBJECT ADDED ENTRY--TOPICAL TERM | |
| Topical term or geographic name as entry element | Milk |
| General subdivision | Composition. |
| 9 (RLIN) | 17008 |
| 650 #0 - SUBJECT ADDED ENTRY--TOPICAL TERM | |
| Topical term or geographic name as entry element | Dairy products |
| General subdivision | Composition. |
| 9 (RLIN) | 17009 |
| 700 1# - ADDED ENTRY--PERSONAL NAME | |
| Personal name | Johnson, Arnold Harvey |
| Dates associated with a name | 1896- |
| 9 (RLIN) | 17010 |
| Relator term | Editor |
| 700 1# - ADDED ENTRY--PERSONAL NAME | |
| Personal name | Alford, John A., |
| 9 (RLIN) | 17011 |
| Relator term | Editor |
| 700 1# - ADDED ENTRY--PERSONAL NAME | |
| Personal name | Webb, Byron Horton, |
| 9 (RLIN) | 17007 |
| Dates associated with a name | 1903- |
| Relator term | Editor |
| 942 ## - ADDED ENTRY ELEMENTS (KOHA) | |
| Source of classification or shelving scheme | Dewey Decimal Classification |
| Item type | Book - Borrowing |
| Withdrawn status | Item status | Source of classification or shelving scheme | Damaged status | Not for loan | Vendor | Home library | Current library | Shelving location | Date acquired | Source of acquisition | Total Checkouts | Total Renewals | Full call number | Barcode | Date last seen | Date last borrowed | Koha item type |
|---|---|---|---|---|---|---|---|---|---|---|---|---|---|---|---|---|---|
| Dewey Decimal Classification | Central Library | Central Library | First floor | 03/08/2010 | 1 | 6 | 637 FUN | 000021614 | 15/07/2025 | 18/12/2019 | Book - Borrowing |